| 000 | 01309cam a2200241 4500 | ||
|---|---|---|---|
| 001 | ABS67679 | ||
| 008 | 040317n2004 000 0 eng u | ||
| 035 | _a(Sirsi) u125441 | ||
| 100 | _aHeath, V. | ||
| 245 | _aAirport property demand will grow | ||
| 260 | _c2004 | ||
| 490 |
_aProperty Forecast _v7(2) February 2004, 4-5(2) |
||
| 520 | _aExamines worldwide trends in the air industry over the last couple of years and asks if growth in passenger volumes will result in increased demand for commercial property. The latest surveys find that three UK airports are in the top 10 of Europe's fastest growing airports and one UK airport in the top 10 of Europe's fastest growing freight airports. Nevertheless concludes that while demand for warehouse premises in close proximity to airports can be expected to increase over the next year, with the possible exception of Stansted airport the growth in passenger numbers does not necessarily indicate a similar increased demand for airport-located commercial property. Includes tables. | ||
| 590 | _aABS | ||
| 590 | _aABS | ||
| 650 | _aKING STURGE & CO | ||
| 650 | _aAIRPORT-RELATED PROPERTY | ||
| 650 | _aAIRPORTS | ||
| 650 | _aAIRPORT-RELATED WAREHOUSING | ||
| 650 | _aSTANSTED AIRPORT | ||
| 690 | _aTRANSPORT AND COMMUNICATIONS | ||
| 942 | _n0 | ||
| 999 |
_c117110 _d117110 |
||